[Event "ITA-chT GpB 55th"]
[Site "Vasto"]
[Date "2024.04.10"]
[Round "4.12"]
[White "Ladron de Guevara Pinto, Paolo"]
[Black "Botta, Massimiliano"]
[Result "1-0"]
[WhiteElo "2394"]
[BlackElo "2188"]
[PlyCount "59"]
[EventDate "2024.04.08"]
[EventType "team-tourn"]
[EventRounds "7"]
[EventCountry "ITA"]
[SourceTitle "CB16_2024"]
[SourceDate "2024.04.17"]
[SourceVersion "1"]
[SourceVersionDate "2024.04.17"]
[SourceQuality "1"]
[WhiteTeam "WorldtradingLab"]
[BlackTeam "Milan Accademia"]
[WhiteTeamCountry "ITA"]
[BlackTeamCountry "ITA"]

1. d4 Nf6 2. c4 g6 3. Nc3 Bg7 4. e4 d6 5. Nf3 0-0 6. Be2 e5 7. d5 a5 8. Bg5 h6 9. Bh4 Na6 10. Nd2 Qe8 11. a3 Bd7 12. b3 Nh7 13. 0-0 h5 14. f3 Bf6 15. Bf2 Bg5 16. Rb1 Qe7 17. Bd3 f5 18. b4 axb4 19. axb4 Nf6 20. c5 Bxd2 21. Qxd2 fxe4 22. Nxe4 Nxe4 23. Bxe4 Bf5 24. c6 Bxe4 25. fxe4 Rfb8 26. cxb7 Rxb7 27. Ra1 Rbb8 28. Ra3 Qe8 29. Rfa1 Qb5 30. Qh6 1-0

[Event "ITA-chT GpB 54th"]
[Site "Bacoli"]
[Date "2023.04.29"]
[Round "7"]
[White "Botta, Massimiliano"]
[Black "Collutiis, Duilio"]
[Result "0-1"]
[WhiteElo "2258"]
[BlackElo "2357"]
[PlyCount "74"]
[EventDate "2023.04.25"]
[EventType "team-tourn"]
[EventRounds "7"]
[EventCountry "ITA"]
[SourceTitle "CBM 213 Extra"]
[Source "ChessBase"]
[SourceDate "2023.05.31"]
[SourceVersion "1"]
[SourceVersionDate "2023.05.31"]
[SourceQuality "1"]
[WhiteTeam "Milan Accademia"]
[BlackTeam "Partenopea"]
[WhiteTeamCountry "ITA"]
[BlackTeamCountry "ITA"]

1. d4 Nf6 2. Bg5 e6 3. e4 h6 4. Bxf6 Qxf6 5. c3 d6 6. Bd3 Qg5 7. g3 e5 8. Ne2 g6 9. f4 Qe7 10. Nd2 Bg7 11. 0-0 Bh3 12. Rf2 Nd7 13. Qb3 Rb8 14. Re1 0-0 15. Kh1 exd4 16. cxd4 c5 17. f5 b5 18. Bc2 c4 19. Qe3 Bxf5 20. Ng1 Rfe8 21. Nf1 Be6 22. d5 Bg4 23. h3 Ne5 24. hxg4 Nxg4 25. Qf3 Nxf2+ 26. Qxf2 Bxb2 27. Nf3 Bg7 28. Nd4 Bxd4 29. Qxd4 Qe5 30. Qf2 Kg7 31. Nh2 b4 32. Nf3 Qf6 33. Qe3 Rb6 34. Nd4 Ra6 35. Bb1 Ra3 36. Qg1 Re5 37. Kg2 Rxg3+ 0-1

[Event "ITA-chTB 53rd"]
[Site "Montesilvano"]
[Date "2022.04.20"]
[Round "3.1"]
[White "Botta, Massimiliano"]
[Black "Bellini, Fabio"]
[Result "0-1"]
[WhiteElo "2217"]
[BlackElo "2428"]
[PlyCount "74"]
[EventDate "2022.04.19"]
[EventType "team-tourn"]
[EventRounds "7"]
[EventCountry "ITA"]
[SourceTitle "CBM 207 Extra"]
[Source "ChessBase"]
[SourceDate "2022.05.31"]
[SourceVersion "1"]
[SourceVersionDate "2022.05.31"]
[SourceQuality "1"]
[WhiteTeam "Milan Accademia"]
[BlackTeam "Marostica Pizzato Elettrica"]
[WhiteTeamCountry "ITA"]
[BlackTeamCountry "ITA"]

1. e4 g6 2. d4 Bg7 3. Nf3 c6 4. h3 d5 5. e5 f6 6. c4 fxe5 7. dxe5 Nh6 8. Be2 Nf7 9. Bf4 e6 10. Nc3 0-0 11. 0-0 Qe7 12. Re1 b6 13. Qa4 Bb7 14. Rad1 Nd7 15. cxd5 exd5 16. Bf1 Nfxe5 17. Nxe5 Nxe5 18. Bg3 Qg5 19. Kh2 Nf7 20. Bh4 Be5+ 21. Kg1 Qf4 22. Qxf4 Bxf4 23. Re7 Rab8 24. Rde1 Nd6 25. Rd7 Nf5 26. Bd3 Rf7 27. Bxf5 gxf5 28. Ree7 Rxe7 29. Rxe7 Ba6 30. Rxa7 Bc4 31. Bf6 Re8 32. g4 fxg4 33. hxg4 Re6 34. b3 Rxf6 35. bxc4 dxc4 36. Ra6 Be5 37. Ne4 Rg6 0-1

[Event "ITA-chTA 52nd"]
[Site "Montesilvano"]
[Date "2021.09.20"]
[Round "1.3"]
[White "Botta, Massimiliano"]
[Black "Brunello, Sabino"]
[Result "0-1"]
[WhiteElo "2227"]
[BlackElo "2513"]
[PlyCount "58"]
[EventDate "2021.09.20"]
[EventType "team-tourn"]
[EventRounds "7"]
[EventCountry "ITA"]
[SourceTitle "CBM 204 Extra"]
[Source "ChessBase"]
[SourceDate "2021.11.30"]
[SourceVersion "1"]
[SourceVersionDate "2021.11.30"]
[SourceQuality "1"]
[WhiteTeam "Milan Accademia"]
[BlackTeam "Padova Obiettivo"]
[WhiteTeamCountry "ITA"]
[BlackTeamCountry "ITA"]

1. e4 c5 2. Nf3 d6 3. d4 cxd4 4. Nxd4 Nf6 5. Nc3 a6 6. Bg5 e6 7. f4 Be7 8. Qf3 Qc7 9. 0-0-0 Nc6 10. Nxc6 Qxc6 11. Bd3 b5 12. Qg3 b4 13. Ne2 h6 14. Bh4 Bb7 15. e5 Nh5 16. Qg4 Qxg2 17. Qxh5 g6 18. Bxe7 gxh5 19. Bf6 Kd7 20. Rhg1 Qxh2 21. Rg7 Raf8 22. f5 Kc8 23. Rxf7 Rxf7 24. Bxh8 dxe5 25. fxe6 Rf2 26. e7 Bc6 27. Bxa6+ Kc7 28. Nd4 exd4 29. Bxd4 Qf4+ 0-1

[Event "Mestre Sheraton op-A 1st"]
[Site "Mestre"]
[Date "2021.02.28"]
[Round "4"]
[White "Botta, Massimiliano"]
[Black "Herega, Nejc"]
[Result "1/2-1/2"]
[WhiteElo "2245"]
[BlackElo "2052"]
[PlyCount "32"]
[EventDate "2021.02.26"]
[EventType "swiss"]
[EventRounds "5"]
[EventCountry "ITA"]
[SourceTitle "EXT 2022"]
[Source "ChessBase"]
[SourceDate "2021.10.06"]
[SourceVersion "1"]
[SourceVersionDate "2021.10.06"]
[SourceQuality "1"]

1. d4 Nf6 2. Bg5 e6 3. e4 h6 4. Bxf6 Qxf6 5. c3 d6 6. Bd3 e5 7. Ne2 g6 8. 0-0 Bg7 9. f4 Qe7 10. Nd2 0-0 11. Qe1 Nc6 12. Nf3 Bg4 13. d5 Nb8 14. Qg3 Bxf3 15. Qxf3 exf4 16. Qxf4 Nd7 1/2-1/2

[Event "Mestre Sheraton op-A 1st"]
[Site "Mestre"]
[Date "2021.02.27"]
[Round "2"]
[White "Botta, Massimiliano"]
[Black "Pallante, Simone"]
[Result "1-0"]
[WhiteElo "2245"]
[BlackElo "2048"]
[PlyCount "47"]
[EventDate "2021.02.26"]
[EventType "swiss"]
[EventRounds "5"]
[EventCountry "ITA"]
[SourceTitle "EXT 2022"]
[Source "ChessBase"]
[SourceDate "2021.10.06"]
[SourceVersion "1"]
[SourceVersionDate "2021.10.06"]
[SourceQuality "1"]

1. d4 Nf6 2. Bg5 Ne4 3. Bf4 d5 4. e3 c5 5. Bd3 cxd4 6. exd4 Nc6 7. Ne2 Qb6 8. Bxe4 dxe4 9. Nbc3 Bg4 10. Nxe4 Bxe2 11. Qxe2 Nxd4 12. Qd3 Rd8 13. 0-0-0 Ne6 14. Qg3 Rc8 15. Kb1 Qc6 16. Rhe1 Qxc2+ 17. Ka1 Qa4 18. Be5 h5 19. f4 Nc5 20. Nd6+ exd6 21. Bxg7+ Kd7 22. Bxh8 Bh6 23. Be5 Ne4 24. Qh3+ 1-0

[Event "ITA-ch Online U20 KO"]
[Site "Premium Chess Arena INT"]
[Date "2020.11.22"]
[Round "2.7"]
[White "Palozza, Christian"]
[Black "Botta, Massimiliano"]
[Result "0-1"]
[WhiteElo "2265"]
[BlackElo "2245"]
[PlyCount "106"]
[EventDate "2020.11.21"]
[EventType "k.o. (rapid)"]
[EventRounds "2"]
[EventCountry "ITA"]
[SourceTitle "CBM 199 Extra"]
[Source "ChessBase"]
[SourceDate "2021.01.31"]
[SourceVersion "1"]
[SourceVersionDate "2021.01.31"]
[SourceQuality "1"]

1. d4 d5 2. c4 c6 3. Nf3 Nf6 4. Qc2 g6 5. Bf4 Bg7 6. e3 0-0 7. Nc3 c5 8. dxc5 Qa5 9. Be2 Qxc5 10. 0-0 dxc4 11. Na4 Qa5 12. Qxc4 Nc6 13. Nc3 Bg4 14. a3 Rac8 15. Qb3 e5 16. Bg3 e4 17. Ne1 Bxe2 18. Nxe2 Qa6 19. Nc3 Na5 20. Qa4 Rc4 21. Qd1 Qb6 22. Rb1 Rd8 23. Qc2 Nd5 24. Nxd5 Rxd5 25. Qe2 Qb3 26. f3 Nc6 27. fxe4 Rxe4 28. Bf2 Nd4 29. Qd3 Qxd3 30. Nxd3 Ne2+ 31. Kh1 Rxd3 32. Rfe1 Rd2 33. Rbd1 Rxd1 34. Rxd1 Bxb2 35. Rd2 Nc3 36. Rxb2 Nd1 37. Rd2 Nxf2+ 38. Rxf2 Rxe3 39. h3 Rxa3 40. Rc2 h5 41. Kh2 Rb3 42. Rc7 a5 43. Rc8+ Kg7 44. Ra8 b6 45. Kg1 Rb4 46. Kf2 a4 47. Ke3 b5 48. Kd3 Rb3+ 49. Ke4 Rg3 50. Ra5 Rxg2 51. Rxb5 Rg3 52. Ra5 Rxh3 53. Rxa4 Rh4+ 0-1

[Event "ITA-ch Online U20 KO"]
[Site "Premium Chess Arena INT"]
[Date "2020.11.21"]
[Round "1.2"]
[White "Botta, Massimiliano"]
[Black "Carlo, Emanuele"]
[Result "1/2-1/2"]
[WhiteElo "2245"]
[BlackElo "2288"]
[PlyCount "118"]
[EventDate "2020.11.21"]
[EventType "k.o. (rapid)"]
[EventRounds "2"]
[EventCountry "ITA"]
[SourceTitle "CBM 199 Extra"]
[Source "ChessBase"]
[SourceDate "2021.01.31"]
[SourceVersion "1"]
[SourceVersionDate "2021.01.31"]
[SourceQuality "1"]

1. d4 d5 2. c4 c6 3. cxd5 cxd5 4. Nf3 Nf6 5. Nc3 Nc6 6. Bf4 Nh5 7. Bd2 Nf6 8. Bf4 Nh5 9. Bd2 g6 10. e3 Bg7 11. Be2 Nf6 12. 0-0 0-0 13. Rc1 Ne4 14. Qb3 Bg4 15. Rfd1 Rb8 16. Be1 e6 17. Na4 Ng5 18. Nc5 Qe7 19. Kh1 Nxf3 20. gxf3 Bh3 21. Bb4 Qh4 22. Nd3 Nxb4 23. Qxb4 Bf5 24. Qe1 Rfc8 25. Qg1 Bf8 26. Qg3 Qd8 27. f4 Rxc1 28. Rxc1 Rc8 29. Qg1 b6 30. a3 Rc7 31. Rxc7 Qxc7 32. Qc1 Qc4 33. Qxc4 dxc4 34. Ne5 b5 35. a4 a6 36. axb5 axb5 37. Kg1 f6 38. Nd7 Bb4 39. e4 Bh3 40. Nxf6+ Kh8 41. Ne8 Bd2 42. Nd6 Bc1 43. Nxb5 Bxb2 44. Bxc4 Bc1 45. Nc7 Bxf4 46. Bxe6 Bxc7 47. Bxh3 Bb6 48. d5 Kg7 49. Kg2 g5 50. Kg3 Bc7+ 51. Kg4 Kf6 52. Kh5 Bxh2 53. Kh6 Ke5 54. f3 Bf4 55. Kxh7 Bc1 56. Kg6 Be3 57. Kf7 Bc5 58. Ke8 Bb4 59. Bg4 Ba3 1/2-1/2

[Event "ITA-ch Online U20 KO"]
[Site "Premium Chess Arena INT"]
[Date "2020.11.21"]
[Round "1.1"]
[White "Carlo, Emanuele"]
[Black "Botta, Massimiliano"]
[Result "1/2-1/2"]
[WhiteElo "2288"]
[BlackElo "2245"]
[PlyCount "44"]
[EventDate "2020.11.21"]
[EventType "k.o. (rapid)"]
[EventRounds "2"]
[EventCountry "ITA"]
[SourceTitle "CBM 199 Extra"]
[Source "ChessBase"]
[SourceDate "2021.01.31"]
[SourceVersion "1"]
[SourceVersionDate "2021.01.31"]
[SourceQuality "1"]

1. e4 e5 2. Nf3 Nf6 3. Nc3 Nc6 4. a3 d5 5. Bb5 Nxe4 6. Qe2 Nxc3 7. Qxe5+ Qe7 8. dxc3 Bd7 9. Qxe7+ Bxe7 10. Bf4 0-0-0 11. 0-0-0 a6 12. Bxc6 Bxc6 13. Rhe1 Bc5 14. Bg3 Rhe8 15. Ne5 f6 16. Nxc6 bxc6 17. Kd2 Kd7 18. Kd3 g6 19. b4 Bd6 20. c4 f5 21. f3 Rb8 22. c3 a5 1/2-1/2

[Event "ITA-ch Online U20 Qual GpA"]
[Site "Premium Chess Arena INT"]
[Date "2020.11.18"]
[Round "1.3"]
[White "Botta, Massimiliano"]
[Black "Mirri, Pietro"]
[Result "1-0"]
[WhiteElo "2245"]
[BlackElo "2158"]
[PlyCount "121"]
[EventDate "2020.11.18"]
[EventType "tourn (rapid)"]
[EventRounds "7"]
[EventCountry "ITA"]
[EventCategory "1"]
[SourceTitle "CBM 199 Extra"]
[Source "ChessBase"]
[SourceDate "2021.01.31"]
[SourceVersion "1"]
[SourceVersionDate "2021.01.31"]
[SourceQuality "1"]

1. d4 d5 2. c4 c6 3. cxd5 cxd5 4. Nc3 Nf6 5. Nf3 e6 6. Bf4 Bd6 7. Ne5 0-0 8. e3 a6 9. Bd3 Nc6 10. 0-0 Qe7 11. Nxc6 bxc6 12. Bxd6 Qxd6 13. Rc1 Bd7 14. Na4 e5 15. Nc5 a5 16. Nxd7 Nxd7 17. Bf5 exd4 18. Bxd7 Qxd7 19. Qxd4 Rab8 20. b3 Rfc8 21. Rc5 Rb5 22. Rfc1 Rxc5 23. Rxc5 Ra8 24. h3 h6 25. e4 Qe6 26. exd5 Qe1+ 27. Kh2 cxd5 28. Rxd5 Qe2 29. a4 Qc2 30. Rb5 Re8 31. Qc5 Qd2 32. Rxa5 Qf4+ 33. g3 Qf3 34. Qf5 Qxb3 35. Ra7 Qe6 36. Qxe6 Rxe6 37. Kg2 Re2 38. g4 g6 39. h4 h5 40. g5 Kg7 41. a5 Re4 42. Kg3 Ra4 43. a6 Ra2 44. Ra8 Ra4 45. f4 Ra3+ 46. Kg2 Ra4 47. Kf3 Ra3+ 48. Ke4 Ra4+ 49. Ke5 Ra5+ 50. Kd6 Ra4 51. Kc6 Rxf4 52. Rb8 Rxh4 53. a7 Ra4 54. a8Q Rxa8 55. Rxa8 f6 56. Ra7+ Kg8 57. gxf6 h4 58. Kd6 g5 59. Ke6 h3 60. f7+ Kg7 61. Ra8 1-0

[Event "Lignano Sabbiadoro op 6th"]
[Site "Lignano Sabbiadoro"]
[Date "2020.08.03"]
[Round "3"]
[White "Botta, Massimiliano"]
[Black "Gelle, Istvan"]
[Result "1-0"]
[WhiteElo "2142"]
[BlackElo "2301"]
[PlyCount "87"]
[EventDate "2020.08.01"]
[EventType "swiss"]
[EventRounds "9"]
[EventCountry "ITA"]
[SourceTitle "EXT 2021"]
[Source "ChessBase"]
[SourceDate "2020.10.23"]
[SourceVersion "1"]
[SourceVersionDate "2020.10.23"]
[SourceQuality "1"]

1. d4 d5 2. c4 c6 3. Nf3 Nf6 4. Nc3 a6 5. a4 e6 6. Bg5 Be7 7. e3 h6 8. Bh4 0-0 9. Bd3 a5 10. Rc1 Na6 11. Ne5 Nb4 12. Bb1 Nd7 13. Bxe7 Qxe7 14. f4 Nxe5 15. fxe5 Qh4+ 16. g3 Qh3 17. Qe2 b6 18. Rf1 dxc4 19. Rf4 g5 20. Rf6 Ba6 21. Rf1 Bc8 22. Rf6 Ba6 23. Ne4 c3 24. Qf3 cxb2 25. Rd1 Qxh2 26. Nf2 Rad8 27. Qe4 Bd3 28. Nxd3 Nc2+ 29. Bxc2 Qxc2 30. Nf2 Qc3+ 31. Kf1 Kg7 32. Kg2 Rh8 33. Rf1 Rd7 34. Ng4 h5 35. Nh2 h4 36. Ng4 hxg3 37. Kxg3 Qb4 38. Qf3 Rf8 39. Rh6 f5 40. exf6+ Kf7 41. Ne5+ Ke8 42. Qxc6 Qd6 43. Qxd7+ Qxd7 44. Nxd7 1-0

[Event "Wch U18"]
[Site "Mumbai"]
[Date "2019.10.03"]
[Round "3"]
[White "Botta, Massimiliano"]
[Black "Gazik, Viktor"]
[Result "0-1"]
[WhiteElo "2239"]
[BlackElo "2546"]
[PlyCount "48"]
[EventDate "2019.10.02"]
[EventType "swiss"]
[EventRounds "11"]
[EventCountry "IND"]
[SourceTitle "EXT 2020"]
[Source "ChessBase"]
[SourceDate "2019.10.17"]
[SourceVersion "1"]
[SourceVersionDate "2019.10.17"]
[SourceQuality "1"]

1. d4 Nf6 2. c4 c5 3. Nf3 e6 4. g3 cxd4 5. Nxd4 Qa5+ 6. Nc3 Ne4 7. Qd3 Bb4 8. Nb3 Qf5 9. Qe3 Nc6 10. Bg2 Nxc3 11. bxc3 Be7 12. 0-0 0-0 13. Rd1 a5 14. a4 Qc2 15. Qd3 Qxb3 16. Rb1 Qxa4 17. Bf4 Bf6 18. Bd6 Ne5 19. Qe4 Nxc4 20. Bxf8 d5 21. Qd3 Ne5 22. Qe3 Kxf8 23. Qc5+ Be7 24. Qc7 f6 0-1

[Event "Imperia op-A 61st"]
[Site "Imperia"]
[Date "2019.09.04"]
[Round "5.2"]
[White "Maiorov, Nikita"]
[Black "Botta, Massimiliano"]
[Result "1-0"]
[WhiteElo "2509"]
[BlackElo "2185"]
[PlyCount "69"]
[EventDate "2019.09.01"]
[EventType "swiss"]
[EventRounds "9"]
[EventCountry "ITA"]
[SourceTitle "EXT 2024"]
[Source "ChessBase"]
[SourceDate "2023.10.10"]
[SourceVersion "1"]
[SourceVersionDate "2023.10.10"]
[SourceQuality "1"]

1. d4 d5 2. c4 c6 3. Nc3 Nf6 4. e3 e6 5. Nf3 Nbd7 6. Qc2 Bd6 7. Be2 0-0 8. 0-0 dxc4 9. Bxc4 b5 10. Be2 Bb7 11. Rd1 Qc7 12. Bd2 a6 13. b4 a5 14. a3 axb4 15. axb4 Nd5 16. Rac1 Rfc8 17. Qb1 Qb8 18. Ne4 Be7 19. Nc5 Nxc5 20. dxc5 Bf6 21. Qb3 Ra4 22. e4 Nf4 23. Bf1 Ng6 24. Bc3 Bxc3 25. Rxc3 h6 26. g3 Re8 27. Rcd3 Ne5 28. Nxe5 Qxe5 29. Rd7 Ba6 30. Qf3 f5 31. exf5 Qxf5 32. Qc3 Qf6 33. Qxf6 gxf6 34. Ra7 e5 35. Bg2 1-0

[Event "Imperia op-A 61st"]
[Site "Imperia"]
[Date "2019.09.01"]
[Round "1.8"]
[White "Botta, Massimiliano"]
[Black "Giuberchio, Cesare"]
[Result "1-0"]
[WhiteElo "2185"]
[BlackElo "1929"]
[PlyCount "41"]
[EventDate "2019.09.01"]
[EventType "swiss"]
[EventRounds "9"]
[EventCountry "ITA"]
[SourceTitle "EXT 2024"]
[Source "ChessBase"]
[SourceDate "2023.10.10"]
[SourceVersion "1"]
[SourceVersionDate "2023.10.10"]
[SourceQuality "1"]

1. d4 Nf6 2. c4 Nc6 3. Nf3 e6 4. g3 Bb4+ 5. Nc3 0-0 6. Bg2 d5 7. 0-0 dxc4 8. Qa4 Nd5 9. Qc2 Re8 10. Rd1 Bf8 11. e4 Ncb4 12. Qe2 Nxc3 13. bxc3 Nd3 14. Bg5 f6 15. Be3 c6 16. a4 Qa5 17. e5 Rb8 18. Nd2 Qxc3 19. exf6 Qa5 20. Nxc4 Qf5 21. fxg7 1-0

[Event "Bergamo op 18th"]
[Site "Bergamo"]
[Date "2019.07.12"]
[Round "2"]
[White "Botta, Massimiliano"]
[Black "Gurevich, Mikhail"]
[Result "0-1"]
[WhiteElo "2257"]
[BlackElo "2587"]
[PlyCount "62"]
[EventDate "2019.07.12"]
[EventType "swiss"]
[EventRounds "6"]
[EventCountry "ITA"]
[SourceTitle "CBM 191 Extra"]
[Source "ChessBase"]
[SourceDate "2019.09.30"]
[SourceVersion "1"]
[SourceVersionDate "2019.09.30"]
[SourceQuality "1"]

1. e4 d6 2. d4 g6 3. Bc4 Nf6 4. Qe2 Nc6 5. Nf3 Bg4 6. c3 e5 7. d5 Ne7 8. 0-0 Bg7 9. h3 Bd7 10. Ne1 0-0 11. Bb3 c6 12. c4 b5 13. Nc3 bxc4 14. Bxc4 cxd5 15. exd5 Nf5 16. Nc2 Qb6 17. Rd1 Rac8 18. b3 Nd4 19. Qd2 Rfe8 20. Ba3 h5 21. Nxd4 exd4 22. Ne2 Ne4 23. Qf4 Rxc4 24. bxc4 d3 25. Ng3 Nxg3 26. Qxg3 Bxa1 27. Rxa1 d2 28. Qc3 Re2 29. c5 dxc5 30. Bb2 Qxb2 31. Qxb2 d1Q+ 0-1

[Event "Bergamo op 17th"]
[Site "Bergamo"]
[Date "2018.07.14"]
[Round "4"]
[White "Botta, Massimiliano"]
[Black "Solomon, Kenny"]
[Result "0-1"]
[WhiteElo "2133"]
[BlackElo "2408"]
[PlyCount "44"]
[EventDate "2018.07.13"]
[EventType "swiss"]
[EventRounds "9"]
[EventCountry "ITA"]
[SourceTitle "EXT 2019"]
[Source "ChessBase"]
[SourceDate "2018.10.10"]
[SourceVersion "1"]
[SourceVersionDate "2018.10.10"]
[SourceQuality "1"]

1. e4 e5 2. Bc4 Nf6 3. d3 Bc5 4. Nc3 c6 5. Nf3 d6 6. 0-0 0-0 7. a3 Bg4 8. h3 Be6 9. Qe2 Nh5 10. Be3 Bxe3 11. Qxe3 Nd7 12. Bxe6 fxe6 13. d4 exd4 14. Nxd4 Qf6 15. Rad1 Ne5 16. b3 Ng6 17. Nde2 e5 18. Rd2 Nh4 19. Ng3 Qg6 20. Kh2 Nf4 21. f3 Qe6 22. Rfd1 Nhxg2 0-1

[Event "ITA-chT 50th"]
[Site "Gallipoli"]
[Date "2018.04.30"]
[Round "6.4"]
[White "Sorbera, Giovanni"]
[Black "Botta, Massimiliano"]
[Result "1/2-1/2"]
[WhiteElo "2215"]
[BlackElo "2104"]
[PlyCount "31"]
[EventDate "2018.04.27"]
[EventType "team-swiss"]
[EventRounds "7"]
[EventCountry "ITA"]
[SourceTitle "CBM 184 Extra"]
[Source "ChessBase"]
[SourceDate "2018.06.28"]
[SourceVersion "1"]
[SourceVersionDate "2018.06.28"]
[SourceQuality "1"]
[WhiteTeam "Conegliano"]
[BlackTeam "Milan Accademia"]
[WhiteTeamCountry "ITA"]
[BlackTeamCountry "ITA"]

1. c4 c6 2. d4 d5 3. Nc3 Nf6 4. Nf3 e6 5. Bg5 dxc4 6. e4 b5 7. e5 h6 8. Bh4 g5 9. Nxg5 hxg5 10. Bxg5 Nbd7 11. exf6 Bb7 12. g3 Qb6 13. Bg2 0-0-0 14. 0-0 c5 15. d5 b4 16. dxe6 1/2-1/2

[Event "Milan SSM August A"]
[Site "Milan"]
[Date "2015.08.03"]
[Round "5"]
[White "Vezzosi, Paolo"]
[Black "Botta, Massimiliano"]
[Result "1-0"]
[WhiteElo "2349"]
[BlackElo "2031"]
[PlyCount "93"]
[EventDate "2015.07.31"]
[EventType "swiss"]
[EventRounds "7"]
[EventCountry "ITA"]
[SourceTitle "EXT 2024"]
[Source "ChessBase"]
[SourceDate "2023.10.10"]
[SourceVersion "1"]
[SourceVersionDate "2023.10.10"]
[SourceQuality "1"]

1. Nf3 Nf6 2. c4 g6 3. Nc3 Bg7 4. e4 d6 5. d4 0-0 6. Be2 e5 7. d5 a5 8. Bg5 h6 9. Bh4 Na6 10. Nd2 Nc5 11. 0-0 Bd7 12. Kh1 Qe8 13. g4 Nh7 14. Rg1 Bf6 15. Bg3 Bg5 16. Nb3 Na4 17. Nxa4 Bxa4 18. Qd3 b6 19. h4 Bf4 20. Rg2 Nf6 21. Rag1 Kg7 22. f3 Bxg3 23. Rxg3 Bxb3 24. Qxb3 g5 25. Qe3 Kg6 26. Rh3 Rh8 27. Kg2 Qf8 28. Bd1 Nd7 29. Ba4 Nc5 30. Bc6 Rd8 31. Rgh1 Qg7 32. Kf2 f6 33. Ke2 Rdg8 34. Kd2 Qf8 35. R3h2 Qc8 36. Kc2 Na6 37. a3 Nb8 38. Ba4 c6 39. Qxb6 cxd5 40. Kb1 Qxc4 41. Bb3 Nd7 42. Qxd6 Qxb3 43. h5+ Kh7 44. Qxd7+ Rg7 45. Qf5+ Kg8 46. Rc1 Qd3+ 47. Ka1 1-0

[Event "Milan SSM August A"]
[Site "Milan"]
[Date "2015.08.02"]
[Round "3"]
[White "Botta, Massimiliano"]
[Black "Motola, Jacopo"]
[Result "1/2-1/2"]
[WhiteElo "2031"]
[BlackElo "2164"]
[PlyCount "37"]
[EventDate "2015.07.31"]
[EventType "swiss"]
[EventRounds "7"]
[EventCountry "ITA"]
[SourceTitle "EXT 2024"]
[Source "ChessBase"]
[SourceDate "2023.10.10"]
[SourceVersion "1"]
[SourceVersionDate "2023.10.10"]
[SourceQuality "1"]

1. e4 c5 2. Nf3 e6 3. Nc3 a6 4. Be2 d6 5. 0-0 Nf6 6. Re1 Be7 7. e5 dxe5 8. Nxe5 0-0 9. Bf3 Qc7 10. d4 Rd8 11. d5 exd5 12. Bf4 d4 13. Ng6 Bd6 14. Ne7+ Qxe7 15. Rxe7 Bxe7 16. Na4 Nbd7 17. Bc7 Re8 18. c3 dxc3 19. Nxc3 1/2-1/2

[Event "Milan SSM August A"]
[Site "Milan"]
[Date "2015.08.02"]
[Round "4"]
[White "Botta, Massimiliano"]
[Black "Pelizzola, Danilo"]
[Result "1-0"]
[WhiteElo "2031"]
[BlackElo "2064"]
[PlyCount "137"]
[EventDate "2015.07.31"]
[EventType "swiss"]
[EventRounds "7"]
[EventCountry "ITA"]
[SourceTitle "EXT 2024"]
[Source "ChessBase"]
[SourceDate "2023.10.10"]
[SourceVersion "1"]
[SourceVersionDate "2023.10.10"]
[SourceQuality "1"]

1. e4 e5 2. Nf3 Nc6 3. Bb5 a6 4. Ba4 Nf6 5. d3 d6 6. c3 g6 7. 0-0 Bg7 8. Nbd2 0-0 9. Re1 b5 10. Bc2 Bb7 11. d4 exd4 12. cxd4 Nd7 13. Nf1 Re8 14. Bg5 Bf6 15. h4 Qe7 16. Qd2 Qf8 17. Ne3 h6 18. Bf4 Bg7 19. Nd5 Rac8 20. h5 Ne7 21. Nh4 Nxd5 22. exd5 Bxd5 23. hxg6 Nf6 24. gxf7+ Bxf7 25. Nf5 h5 26. Nxg7 Qxg7 27. Bh6 Qg4 28. f3 Qg3 29. Bf5 Ra8 30. Bg4 Nh7 31. Bd7 Rxe1+ 32. Rxe1 Qg6 33. Bc6 Rd8 34. Re7 d5 35. Rxc7 Nf8 36. Bxf8 Kxf8 37. Qb4+ Kg8 38. Qe7 Rf8 39. f4 Qf5 40. Qg5+ Qxg5 41. fxg5 Be6 42. Re7 Bf7 43. Ra7 Rb8 44. Rxa6 Kg7 45. Ra5 Rc8 46. Bxb5 Kg6 47. Bd3+ Kxg5 48. Rc5 Rb8 49. b3 Rb4 50. Bc4 Kg6 51. Bxd5 Be8 52. Bf3 Kf6 53. Bxh5 Bd7 54. Rc4 Rb5 55. Bf3 Ra5 56. a4 Be6 57. d5 Bf7 58. Kf2 Ke5 59. Ke3 Bxd5 60. Bxd5 Kxd5 61. g4 Ra8 62. g5 Rb8 63. Rd4+ Ke5 64. Rd3 Rb4 65. Rc3 Rg4 66. Rc5+ Kd6 67. Rb5 Kc6 68. Kf3 Rd4 69. g6 1-0

[Event "ITA-ch U16"]
[Site "Montesilvano"]
[Date "2015.07.03"]
[Round "6"]
[White "Lavorgna, Francesco"]
[Black "Botta, Massimiliano"]
[Result "0-1"]
[WhiteElo "1686"]
[BlackElo "2031"]
[PlyCount "91"]
[EventDate "2015.06.29"]
[EventType "swiss"]
[EventRounds "9"]
[EventCountry "ITA"]
[SourceTitle "EXT 2024"]
[Source "ChessBase"]
[SourceDate "2023.10.10"]
[SourceVersion "1"]
[SourceVersionDate "2023.10.10"]
[SourceQuality "1"]

1. Nf3 Nf6 2. e3 g6 3. b3 Bg7 4. Bb2 0-0 5. Be2 c5 6. 0-0 Nc6 7. d4 cxd4 8. Nxd4 d6 9. Bf3 Bd7 10. c4 Qc7 11. Nd2 Rfc8 12. a3 Be8 13. Rc1 Nd7 14. Nb5 Qb6 15. Bxg7 Kxg7 16. Qc2 Nce5 17. Qb2 Kg8 18. Qd4 Nxf3+ 19. Nxf3 Nc5 20. Qh4 Nxb3 21. Rb1 Bxb5 22. cxb5 Na5 23. Qxe7 Rc7 24. Qf6 Rac8 25. Ng5 Nc4 26. Rb4 d5 27. Qxb6 Nxb6 28. Rd4 Rc2 29. e4 R2c4 30. Rxc4 dxc4 31. Rc1 Rc5 32. f4 Rxb5 33. e5 Rb3 34. a4 Ra3 35. Ne4 Rxa4 36. Nc5 Rb4 37. Nxb7 Nd5 38. Nd6 Nxf4 39. Rxc4 Rb1+ 40. Kf2 Nd3+ 41. Ke3 Nxe5 42. Ra4 Rb2 43. g3 Nc6 44. Ra6 Rb6 45. Ra4 a5 46. Rd4 0-1

[Event "ITA-ch U16"]
[Site "Montesilvano"]
[Date "2015.07.01"]
[Round "3"]
[White "Botta, Massimiliano"]
[Black "Lavorgna, Filippo"]
[Result "1/2-1/2"]
[WhiteElo "2031"]
[BlackElo "1767"]
[PlyCount "80"]
[EventDate "2015.06.29"]
[EventType "swiss"]
[EventRounds "9"]
[EventCountry "ITA"]
[SourceTitle "EXT 2024"]
[Source "ChessBase"]
[SourceDate "2023.10.10"]
[SourceVersion "1"]
[SourceVersionDate "2023.10.10"]
[SourceQuality "1"]

1. e4 c6 2. d4 d5 3. f3 g6 4. Nc3 Bg7 5. Nge2 dxe4 6. fxe4 Nf6 7. Bg5 0-0 8. Qd2 b5 9. e5 b4 10. exf6 bxc3 11. Nxc3 exf6 12. Be3 Ba6 13. 0-0-0 Bxf1 14. Rhxf1 Nd7 15. g4 Nb6 16. Qd3 Nd5 17. Ne4 Re8 18. Bd2 Qd7 19. h3 Rad8 20. c4 Nb6 21. c5 Nd5 22. Nd6 Re7 23. Rde1 Nc7 24. Ba5 Rb8 25. Rxe7 Qxe7 26. Bxc7 Qxc7 27. Qf3 Rd8 28. Re1 Qd7 29. Re4 Bf8 30. Qxf6 Bg7 31. Qf4 Bf8 32. Kc2 Bxd6 33. cxd6 Qxd6 34. Re8+ Kg7 35. Qxd6 Rxd6 36. Kc3 Rd5 37. Rc8 Rd6 38. Rc7 a5 39. Ra7 Rd5 40. Kc4 h5 1/2-1/2